00336cam a22001217a 4500008004000000082001500040100002000055245005400075260003500129300001600164500001200180650002200192180718b1937 xxu||||| |||| 00| 0 eng d aF8x54 Ac44 aAcharya, N.C.A. aIndian elections and franchisecby N.C.N. Acharya aMadrasbThe Alliance Co.c1937 aviii, 315p. aRs.3.00 aElections - India